000 00677nam a2200253Ia 4500
003 OSt
005 20221007064809.0
006 a|||||r|||| 00| 0
007 ta
008 221006b |||||||| |||| 00| 0 eng d
024 _a7,401
037 _cTextual
040 _aFLL
_cFLL
_beng
041 _2eng
_aeng
082 _aZ2:33qN32, L2
100 _aAggarawala Om Prakash
245 0 _aIndian partnership act, 1932
250 _a7th
260 _aDelhi
_bMetropolitan India
_c1972
300 _alxxviii,832p
_ccm.
650 _aPartnership act
_9686296
942 _hZ2:33qN32, L2
_cTEXL
_2CC
999 _c1135379
_d1135379